Frida Kahlo /
Kaydedildi:
| Asıl Yazarlar: | , , |
|---|---|
| Materyal Türü: | Bilinmiyor |
| Dil: | Spanish |
| Baskı/Yayın Bilgisi: |
Madrid, España :
Ministerio de Cultural. Dirección General de Bellas Artes y Archivos,
1985.
|
| Konular: | |
| Etiketler: |
Etiketle
Etiket eklenmemiş, İlk siz ekleyin!
|
MARC
| LEADER | 000000000a22000000004500 | ||
|---|---|---|---|
| 001 | 001924 | ||
| 020 | |a 8478434112 | ||
| 041 | 0 | |a spa | |
| 082 | 0 | 4 | |a 92 |b K12j |
| 100 | 1 | |a Herson, Elia | |
| 100 | 1 | |a Emmonds, Carolina | |
| 100 | 1 | |a Galindo, Lucila | |
| 245 | 1 | 0 | |a Frida Kahlo / |c Elia Herson, Carolina Emmonds, Lucila Galindo. |
| 260 | 1 | |a Madrid, España : |b Ministerio de Cultural. Dirección General de Bellas Artes y Archivos, |c 1985. | |
| 300 | |a 199 páginas | ||
| 650 | 4 | |a KAHLO, FRIDA, 1910-1954 | |
| 999 | |c 8569 |d 8569 | ||
| 942 | |c BK |h 92 K12j |2 z | ||
